000 00793cab a2200241 4500
001 ABS48724
008 090401t1993 xxu||||| |||| 00| 0 eng d
035 _a(Sirsi) u68289
041 _aeng
245 _aFarm stocktaking valuations
260 _c1993
350 _a0
490 _aFarm Tax Brief
_v8(5) May 1993, 37-38(2)
520 _aReviews the Business Economic Note (BEN) published by the Inland Revenue which covers the bases on which valuations of farms can be completed for tax purposes. This renders the joint RICS/CAAV publication on stocktaking valuations obsolete.
650 _aCAAV
650 _aFARMS
650 _aRICS
650 _aSTOCKTAKING VALUATIONS
650 _aValuation
_96273
690 _aRATING AND VALUATION
942 _n0
948 _c04/03/1997
999 _c42840
_d42840